Регионална библиотека "Любен Каравелов" - Русе

Фарадей и фараонът на Египет (Запис номер 535684)

MARC детайли
000 -Лидер
Лидер 01195nam a2200301 a 4500
003 - Код на организацията, давaща контролен номер
Код на организацията, даваща контролен номер BLK
005 - Дата и час на последна редакция
Дата и час на последна редакция 20250519153431.0
007 - Фиксирано поле за физическо описани
Физическо описание ta
008 - Елементи от данни с фиксирана дължина
Елементи с фиксирана дължина 221104b bu |||||r|||| 00| | bu d
020 ## - Международен стандартен номер на книга ISBN
ISBN 9786192461287
040 ## - Източник на каталожния запис
Код на библиотеката BLK
041 ## - Код за език
Език Български
Език за КДБФ Български
080 ## - УДК
9 (RLIN) 226869
УДК текст Английска литература
УДК код 821.111
УДК – определител -93-31
УДК – код + определител 821.111-93-31
084 ## - Класификационен индекс по друга класификация
Авторски знак Арц - А 91
100 ## - Редна дума - Автор
R(LIN) 246108
Автор Арчър, Джефри
245 ## - Сведения за заглавието
Заглавие Фарадей и фараонът на Египет
Авторска отговорност Джефри Арчър ; ил. Скот Браун ; прев. Милко Стоименов
246 14 - Различни форми на заглавието
Различни форми на заглавието Фарадей - кучето, което пътува във времето : Фараонът на Египет
260 ## - Област на издателските данни
9 (RLIN) 402164
Място на издаване София
Име на издателя Робертино
Година на издаване 2025
300 ## - Физическа характеристика
Брой страници 164 с.
Илюстрации с ил.
Размер 20 см
380 ## - Жанр
Жанр Детска худож. лит.
500 ## - Общи забележки
Обща забележка Ориг загл.: Faraday and the Fall of the Pharoah
700 ## - Други автори (авторска отговорност)
9 (RLIN) 498251
Друг автор Браун, Скот
700 ## - Други автори (авторска отговорност)
9 (RLIN) 258774
Друг автор Стоименов, Милко Христов
852 ## - Местоположение
Отдел Детски отдел
Систематично-азбучна сигнатура 821-93/А 91 Д
856 ## - Електронен адрес и достъп
Инструкция (цена за достъп) 0.00
Права за достъп disable
942 ## - АРТИКУЛИ
Вид на библиотечния документ Книги
Скрит в OPAC Не
Koha issues (borrowed), all copies 2
944 ## - СЪЗДАВАНЕ И РЕДАКЦИЯ на ЗАПИСА
Дата на регистрацията/редакция Кети Илиева
Служител, извършил регистрацията/редакцията 30549
Създаване/Редакция
Номер на служител Вася Ганчева
999 ## - СИСТЕМНИ КОНТРОЛНИ НОМЕРА
Koha biblionumber 535684
Koha biblioitemnumber 535684
Наличности
Код за отписване Код за изгубен артикул Източник на класификационната схема Код за повреда Код за отдаване Артикулен № Име на библиотеката - собственик Име на библиотеката, в която се намира в момента Статус (Текущо местоположение) Дата на вписване в системата Местоположение - отдел Цена в лева Инвентарен номер Систематично азбучна сигнатура Баркод Цена в евро Служебен тип на артикула
  Не е изгубен Universal Decimal Classification Не е повреден заемане за дома 970691 Регионална библиотека "Любен Каравелов" Русе Регионална библиотека "Любен Каравелов" Русе Детски отдел 2025-05-14 Детски отдел 12.00 120000919470 821-93/А 91 Д 120000919470 6.14 Книги
  Не е изгубен Universal Decimal Classification Не е повреден заемане за дома 970692 Регионална библиотека "Любен Каравелов" Русе Регионална библиотека "Любен Каравелов" Русе Детски отдел 2025-05-14 Детски отдел 12.00 120000919469 821-93/А 91 Д 120000919469 6.14 Книги
Vip Innovations Ltd, Rousse, Bulgaria 2025